000 00441nam a2200181Ia 4500
008 221030s9999 xx 000 0 und d
020 _a8120318404
041 _aEnglish
082 _a105.23
_bStr
100 _aB. G. Streetman
245 0 _aSolid State Electronic Devices
_cby B. G. Streetman, S. Banerjee
250 _a5th
260 _bPHI
_aNew Delhi
_c2001
300 _a558
650 _aECE
700 _aS. Banerjee
942 _cBK
999 _c1728
_d1728